000 00440nab a2200145Ia 4500
003 ES-SlBCS
005 20210601125225.0
008 140529s1969 xxu||||| |||| 00| 0 eng d
041 _aeng
100 1 _aWalker, Jeremy
_950640
245 0 0 _aImagination and the Passions
_c Jeremy Walker
650 0 4 _aImaginación-Pasión
_9155584
773 0 _tPhilosophy and Phenomenological Research
_gvol. 29, 1969, págs. 575-588
_wRev1411
942 _cAR
999 _c526774
_d526774